Sports Quiz

Random Sports or Soccer Quiz
Score 0/150 Timer 13:00
0 Plays Today
Player % Correct
Lionel Messi
100%
Cristiano Ronaldo
100%
Lionel Messi
100%
Cristiano Ronaldo
100%
Cristiano Ronaldo
100%
Lionel Messi
99.9%
Xavi
98.4%
Xavi
98.4%
Xavi
98.4%
Andres Iniesta
98.3%
Andres Iniesta
98.3%
Cesc Fabregas
95.3%
Cesc Fabregas
95.3%
Cesc Fabregas
95.3%
Andrey Arshavin
92.7%
Franck Ribéry
92.4%
Samuel Eto'o
92.2%
Wayne Rooney
92.1%
Wayne Rooney
92.1%
Arjen Robben
92%
Arjen Robben
92%
Karim Benzema
90.8%
Karim Benzema
90.8%
Dani Alves
90.3%
Dani Alves
90.3%
Dani Alves
90.3%
Bastian Schweinsteiger
89.5%
Bastian Schweinsteiger
89.5%
Xabi Alonso
87.6%
Xabi Alonso
87.6%
Xabi Alonso
87.6%
Mesut Özil
87.5%
Mesut Özil
87.5%
Diego Alves
85.7%
Philipp Lahm
85.2%
Philipp Lahm
85.2%
Petr Cech
84.8%
Petr Cech
84.8%
Sergio Busquets
83.8%
Sergio Busquets
83.8%
Wesley Sneijder
83.7%
Wesley Sneijder
83.7%
Thomas Müller
83.6%
Edin Dzeko
82.8%
Zlatan Ibrahimovic
81.5%
Gareth Bale
80.7%
Frank Lampard
80.4%
Frank Lampard
80.4%
Gerard Piqué
77.5%
David Silva
76.9%
Player % Correct
Paul Scholes
76.8%
Thiago Silva
76.8%
Yaya Touré
76.4%
Mario Gomez
76.4%
Yaya Touré
76.4%
Mario Gomez
76.4%
Samir Nasri
76.2%
Samir Nasri
76.2%
Branislav Ivanovic
75.1%
Branislav Ivanovic
75.1%
Didier Drogba
74.3%
Nemanja Vidic
73.2%
Kaka
72.9%
Kaka
72.9%
Marcelo
72.6%
Marcelo
72.6%
Hulk
72.1%
Hulk
72.1%
Toni Kroos
72%
Javier Mascherano
71%
Javier Mascherano
71%
Nani
70.8%
Gianluigi Buffon
69.7%
Angel Di Maria
69.7%
Angel Di Maria
69.7%
Eden Hazard
63.9%
Michael Essien
63.5%
Antonio Valencia
63.3%
Lucio
62.4%
Lucio
62.4%
Jan Vertonghen
61.5%
Jan Vertonghen
61.5%
Luis Suarez
59.4%
Alexandre Song
58.4%
Hugo Lloris
55.4%
Nicolas Anelka
52.9%
Roberto Soldado
52%
Roberto Soldado
52%
Mark Van Bommel
51.6%
Gaël Clichy
50.5%
Joao Moutinho
49.7%
Christian Eriksen
49.2%
Ivica Olic
48.4%
Ezequiel Lavezzi
48.2%
Ramires
46.5%
Darijo Srna
46.1%
Alvaro Arbeloa
45.8%
Jack Wilshere
45.5%
Adriano
45%
Jefferson Farfan
41.8%
Player % Correct
Christian Abbiati
41.4%
Holger Badstuber
41.1%
Jesus Navas
40.1%
Willian
39.9%
André Ayew
39.9%
Danny
39.8%
Marouane Chamakh
39.2%
Steve Mandanda
38.9%
Maarten Stekelenburg
37.5%
Bryan Ruiz
35.7%
Thiago Alcantara
31.5%
Lucho Gonzalez
30.8%
Alberto Gilardino
29.9%
Toby Alderweireld
29.3%
José Callejon
24.8%
Morgan De Sanctis
24.4%
Vincent Enyeama
23.7%
Zvjezdan Misimovic
23.5%
Jonas
21.6%
Anatoliy Tymoshchuk
20.8%
Raul Meireles
20.5%
Mamadou Niang
18.7%
Milan Jovanovic
17.8%
Juan Vargas
17.8%
José Jurado
16.2%
Miralem Sulejmani
14.9%
Joaquin
14.2%
Hugo Campagnaro
14.1%
Nikolay Mihaylov
13.8%
Cristiano Zanetti
13.2%
Souleymane Diawara
12.8%
Maxime Gonalons
12.8%
Benoit Cheyrou
11.4%
Dmytro Chygrynskyi
10.4%
Fernando
10.1%
Sinan Bolat
10%
Wendel
8.7%
Marc Planus
7.8%
Avraam Papadopoulos
7.8%
Benoit Pedretti
7.4%
Renato
6.7%
Florent Balmont
6.4%
Sébastien Pocognoli
5.9%
Johan Wiland
4.7%
Claudemir
4.5%
Douglas
3.2%
Vladimir Gabulov
2.5%
Tolga Zengin
2.2%
Gerson Magrao
1.6%
Emmanuel Culio
1.4%
Remove Ads.
Support Sporcle.
Get the best of Sporcle when you Go Orange. This ad-free experience offers more features, more stats, and more fun while also helping to support Sporcle. Thank you for becoming a member.

You're not logged in!

Compare scores with friends on all Sporcle quizzes.
OR
Log In

Show Comments

Extras

Top Quizzes Today


Score Distribution

Your Account Isn't Verified!

In order to create a playlist on Sporcle, you need to verify the email address you used during registration. Go to your Sporcle Settings to finish the process.

Report this User

Report this user for behavior that violates our Community Guidelines.

Details: